[Event "AUTO-OPEN-1692"]
[Site "http://www.queenalice.com/game.php?id=652704"]
[Date "2009.9.15"]
[Round "1"]
[White "HanoiTower"]
[Black "robinud"]
[Result "1-0"]
[WhiteElo "1856"]
[BlackElo "1640"]

1. c4 e5 2. d3 Nc6 3. a3 Nf6 4. Nc3 d5 5. cxd5 Nxd5 6. Qa4 Nb6 7. Qd1 Bg4 8. f3
Bh5 9. e4 Nd4 10. Nge2 Bxf3 11. gxf3 Nxf3+ 12. Kf2 Qf6 13. Bg2 Nh4+ 14. Kg3 Be7
15. Qf1 Qg6+ 16. Kf2 Bc5+ 17. Ke1 Nxg2+ 18. Kd1 Be3 19. Ng3 Bxc1 20. Kxc1 Ne3
21. Qe2 Qg5 22. Kb1 Ng4 23. Ka2 O-O-O 24. Rhg1 Qe3 25. Qxg4+ Kb8 26. Qxg7 Qxd3
27. Rad1 Qc4+ 28. Kb1 h5 29. Qxe5 h4 30. Nf5 Na4 31. Nxa4 Qxa4 32. Rxd8+ Rxd8
33. Rc1 Qd7 34. Nxh4 Re8 35. Qd5 Qxd5 36. exd5 Rd8 37. Rd1 Rh8 38. Re1 b6 39.
Nf3 Rh3 40. Re3 f5 41. Kc2 f4 42. Rd3 Kc8 43. Kc3 a5 44. Kd4 Kd8 45. Ke4 Ke7 46.
Kxf4 Kd6 47. Kg4 Rh8 48. h4 c5 49. Ng5 1-0

[Event "AUTO-OPEN-1692"]
[Site "http://www.queenalice.com/game.php?id=652705"]
[Date "2009.9.15"]
[Round "1"]
[White "robinud"]
[Black "HanoiTower"]
[Result "0-1"]
[WhiteElo "1724"]
[BlackElo "1845"]

1. e4 c6 2. Nf3 d5 3. exd5 cxd5 4. d4 Nc6 5. Bb5 a6 6. Bxc6+ bxc6 7. h3 Nf6 8.
Nc3 e6 9. Bg5 Be7 10. O-O h6 11. Bxf6 Bxf6 12. a4 Rb8 13. b3 Qa5 14. Qd3 c5 15.
Ne5 cxd4 16. Qxd4 Rb4 17. Qe3 Qc7 18. Nxd5 Qxe5 19. Nxf6+ Qxf6 20. Qc5 Rb8 21.
Rad1 Qe7 22. Qxe7+ Kxe7 23. f4 Bb7 24. Rfe1 Rhd8 25. c4 Rxd1 26. Rxd1 Rd8 27.
Re1 Rd2 28. f5 Rxg2+ 29. Kf1 Rh2 30. Re3 Kf6 31. Kg1 Rd2 32. fxe6 fxe6 33. Rc3
e5 34. c5 Bc6 35. b4 e4 36. b5 axb5 37. axb5 Bxb5 38. c6 Ba6 39. c7 Bc8 40. Kf1
Ke5 41. Ke1 Rh2 42. h4 Rxh4 43. Rb3 Kd6 44. Rc3 Rh3 45. Rxh3 Bxh3 46. c8=N+ Bxc8
0-1

[Event "AUTO-OPEN-1692"]
[Site "http://www.queenalice.com/game.php?id=652706"]
[Date "2009.9.15"]
[Round "1"]
[White "HanoiTower"]
[Black "richerby"]
[Result "0-1"]
[WhiteElo "1863"]
[BlackElo "2120"]

1. e4 e5 2. Nf3 Nc6 3. Bb5 a6 4. Bxc6 dxc6 5. h3 f6 6. O-O Be6 7. d3 Qd6 8. Nc3
O-O-O 9. a4 a5 10. b3 Ne7 11. Ba3 Qd7 12. Qd2 Ng6 13. Qe3 b6 14. Bxf8 Rhxf8 15.
Rfd1 c5 16. Nb5 f5 17. exf5 Bxf5 18. Nxe5 Nxe5 19. Qxe5 Rde8 20. Qg3 Rf6 21. Re1
Rxe1+ 22. Rxe1 Rg6 23. Qf3 Kb8 24. Kf1 Be6 25. Qh5 Rh6 26. Qf3 c6 27. Nc3 Rf6
28. Qe3 Qd4 29. Qe5+ Kb7 30. Re4 Qxf2# 0-1

[Event "AUTO-OPEN-1692"]
[Site "http://www.queenalice.com/game.php?id=652707"]
[Date "2009.9.15"]
[Round "1"]
[White "richerby"]
[Black "HanoiTower"]
[Result "1-0"]
[WhiteElo "2123"]
[BlackElo "1919"]

1. d4 Nf6 2. c4 c6 3. Nf3 d5 4. cxd5 cxd5 5. Nc3 e6 6. e3 Bb4 7. Bd2 Nc6 8. Be2
O-O 9. O-O Bxc3 10. bxc3 a6 11. c4 dxc4 12. Bxc4 b5 13. Bb3 Qc7 14. Rc1 Qd6 15.
Bc3 Nd5 16. Bb2 Bb7 17. e4 Nf4 18. e5 Qe7 19. Qd2 Ng6 20. Rc5 Rac8 21. Rfc1 Na7
22. Rxc8 Rxc8 23. Rxc8+ Nxc8 24. Qc3 Nf4 25. Bd1 Nb6 26. Ba3 Nbd5 27. Qb3 Qc7
28. g3 Qc3 29. gxf4 Qxb3 30. axb3 Nxf4 31. Nd2 Bd5 32. Kf1 f6 33. Bf3 a5 34.
Bxd5 Nxd5 35. Ke2 Kf7 36. Bd6 fxe5 37. dxe5 g5 38. Kd3 Kg6 39. Nf3 g4 40. Nd4
Nf4+ 41. Ke4 Kg5 42. Bc7 a4 43. Bd8+ Kg6 44. Kxf4 a3 45. Kxg4 a2 46. Nc2 h5+ 47.
Kf4 h4 48. Bxh4 b4 49. f3 Kf7 50. Bf2 1-0

[Event "AUTO-OPEN-1748"]
[Site "http://www.queenalice.com/game.php?id=677393"]
[Date "2009.11.3"]
[Round "1"]
[White "HanoiTower"]
[Black "Elienay"]
[Result "1-0"]
[WhiteElo "1817"]
[BlackElo "1327"]

1. e4 b6 2. d4 Bb7 3. Nc3 g6 4. f4 Nf6 5. Bd3 d6 6. Nf3 d5 7. e5 Ng4 8. h3 Nc6
9. hxg4 a6 10. a3 Qd7 11. f5 gxf5 12. gxf5 b5 13. b4 a5 14. bxa5 Nxa5 15. Ng5
Ba6 16. Qh5 Bg7 17. Qxf7+ Kd8 18. Qxg7 Re8 19. Bf4 e6 20. Qxd7+ Kxd7 21. Rxh7+
Re7 22. fxe6+ Kd8 23. Nf7+ Ke8 24. Rh8# 1-0

[Event "AUTO-OPEN-1748"]
[Site "http://www.queenalice.com/game.php?id=677440"]
[Date "2009.11.3"]
[Round "1"]
[White "HanoiTower"]
[Black "yanpom"]
[Result "1-0"]
[WhiteElo "1872"]
[BlackElo "1912"]

1. e4 e5 2. Nf3 Nc6 3. Bb5 a6 4. Bxc6 dxc6 5. h3 Bd6 6. d3 Nf6 7. Bg5 h6 8. Bxf6
Qxf6 9. Nbd2 O-O 10. Qe2 Be6 11. Qe3 b6 12. g4 Bc5 13. Qe2 Bd4 14. Nxd4 exd4 15.
Qf3 Qxf3 16. Nxf3 c5 17. a3 Rfe8 18. Kd2 Rad8 19. Nh2 c4 20. f4 cxd3 21. cxd3 g6
22. Nf3 c5 23. f5 gxf5 24. gxf5 Bd7 25. Rag1+ Kh7 26. Rg3 Rg8 27. Rhg1 Rxg3 28.
Rxg3 Rg8 29. Rxg8 Kxg8 30. Ne5 Bc8 31. Nc4 b5 32. Nd6 Bd7 33. b4 cxb4 34. axb4
Kg7 35. e5 h5 36. h4 Bc6 37. Ke2 Bd5 38. Ne8+ Kf8 39. Nf6 Bc6 40. Nxh5 1-0

[Event "AUTO-OPEN-1748"]
[Site "http://www.queenalice.com/game.php?id=677441"]
[Date "2009.11.3"]
[Round "1"]
[White "yanpom"]
[Black "HanoiTower"]
[Result "0-1"]
[WhiteElo "1956"]
[BlackElo "1890"]

1. e4 c6 2. Nf3 d5 3. e5 Bg4 4. h3 Bh5 5. Be2 e6 6. d4 c5 7. Nc3 cxd4 8. Nxd4
Bxe2 9. Ndxe2 Bb4 10. a3 Ba5 11. b4 Bb6 12. O-O Nc6 13. Bf4 Qh4 14. Bg3 Qg5 15.
Bf4 Qg6 16. Qd3 O-O-O 17. Qxg6 hxg6 18. Na4 Bd4 19. Rad1 Bxe5 20. Bxe5 Nxe5 21.
f4 Nc4 22. Rd3 Ne7 23. c3 Nxa3 24. Ra1 Nc4 25. Nc5 a6 26. Rb1 Kc7 27. Nd4 Kb8
28. b5 a5 29. Ncb3 b6 30. Nd2 Kb7 31. Nxc4 dxc4 32. Rdd1 Rh4 33. Rf1 Nd5 34. Ne2
Ne3 35. Rf3 Nd5 36. Rc1 a4 37. Ra1 Ra8 38. Kh2 Rhh8 39. Nd4 Rhc8 40. g3 a3 41.
Nc2 a2 42. g4 Ra5 43. f5 exf5 44. gxf5 g5 45. Kg3 Re8 0-1

[Event "AUTO-OPEN-1771"]
[Site "http://www.queenalice.com/game.php?id=686672"]
[Date "2009.11.21"]
[Round "1"]
[White "thomas01"]
[Black "HanoiTower"]
[Result "0-1"]
[WhiteElo "1637"]
[BlackElo "1909"]

1. d3 d5 2. f4 c5 3. h3 e6 4. e4 Qh4+ 5. Ke2 c4 6. Nf3 Qg3 7. Be3 Nc6 8. h4
cxd3+ 9. Qxd3 dxe4 10. Qxe4 Nf6 11. Rh3 Qxh3 12. gxh3 Nxe4 13. Bg2 Nb4 14. Nd4
Nd6 15. c3 Nc6 16. Bxc6+ bxc6 17. Nxc6 Ba6+ 18. Ke1 Nc4 19. Bxa7 Bb7 20. Bd4
Bxc6 21. b3 Nd6 22. Be5 Nf5 23. c4 Ne3 24. Kd2 Nf5 25. h5 Rd8+ 26. Kc3 f6 27.
Bc7 Rd1 28. Bb6 Bd6 29. Kc2 Bf3 0-1

[Event "AUTO-OPEN-1771"]
[Site "http://www.queenalice.com/game.php?id=686673"]
[Date "2009.11.21"]
[Round "1"]
[White "HanoiTower"]
[Black "thomas01"]
[Result "1-0"]
[WhiteElo "1914"]
[BlackElo "1632"]

1. e4 e5 2. Nf3 d6 3. h3 f5 4. exf5 Bxf5 5. Nc3 a6 6. Bc4 c6 7. d4 Qf6 8. O-O
Ne7 9. dxe5 dxe5 10. Qd2 b5 11. Bb3 e4 12. Rd1 Nd7 13. Nd4 O-O-O 14. Qe3 Nc5 15.
Re1 Qe5 16. Nxf5 Nxf5 17. Qf4 Re8 18. Qxe5 Rxe5 19. Bf4 Re8 20. Bf7 Re7 21. Bh5
g6 22. Bg4 h5 23. Bxf5+ gxf5 24. Rad1 Bg7 25. Bd6 Rd7 26. Bxc5 b4 27. Bxb4 Bd4
28. Na4 e3 29. fxe3 Be5 30. Nb6+ 1-0

[Event "AUTO-OPEN-1771"]
[Site "http://www.queenalice.com/game.php?id=686718"]
[Date "2009.11.21"]
[Round "1"]
[White "Sandersoncxi"]
[Black "HanoiTower"]
[Result "0-1"]
[WhiteElo "1510"]
[BlackElo "1882"]

1. d4 Nf6 2. c4 c6 3. Nc3 d5 4. Bg5 Qb6 5. Qd2 Nbd7 6. e3 e6 7. Nf3 Bb4 8. a3
Bxc3 9. Qxc3 Ne4 10. Qc2 O-O 11. Bd3 Ndf6 12. Bxf6 Nxf6 13. c5 Qc7 14. Ng5 g6
15. h4 h5 16. Rh3 e5 17. dxe5 Bxh3 18. exf6 Bxg2 19. Bxg6 Qa5+ 20. Kd1 Be4 21.
Bxe4 dxe4 22. Qxe4 Rfd8+ 23. Ke2 Qd2+ 24. Kf3 Qd5 25. Rg1 Qxe4+ 26. Nxe4+ Kf8
27. Nd6 Rd7 28. Rg5 Rad8 29. Rxh5 Kg8 30. Rg5+ Kf8 31. h5 Rxd6 32. cxd6 Rxd6 33.
h6 Rxf6+ 34. Ke2 Rxh6 35. Rg4 Ke7 36. Rb4 b6 37. Ra4 a5 38. b4 axb4 39. Rxb4 b5
40. a4 bxa4 41. Rxa4 Rd6 42. f4 Ke6 43. e4 c5 44. Ke3 Rb6 45. Kd3 Rd6+ 46. Ke3
Rc6 0-1

[Event "AUTO-OPEN-1771"]
[Site "http://www.queenalice.com/game.php?id=686719"]
[Date "2009.11.21"]
[Round "1"]
[White "HanoiTower"]
[Black "Sandersoncxi"]
[Result "1-0"]
[WhiteElo "1884"]
[BlackElo "1508"]

1. d4 d5 2. Nf3 Bg4 3. Ne5 Bf5 4. e3 f6 5. Nd3 Nc6 6. Nc3 e5 7. dxe5 fxe5 8. Be2
Nf6 9. O-O Be7 10. Re1 O-O 11. f4 d4 12. exd4 Qxd4+ 13. Kh1 e4 14. Nb5 Qd7 15.
Ne5 Qxd1 16. Rxd1 Nxe5 17. fxe5 Ng4 18. Kg1 c6 19. Nd6 Bxd6 20. exd6 Rad8 21. h3
Nf6 22. Bf4 Nd5 23. Bc4 Be6 24. Bxd5 Bxd5 25. Bg3 h6 26. b3 b5 27. Rf1 g5 28.
Rxf8+ Rxf8 29. Rf1 Rxf1+ 30. Kxf1 Kf7 31. Ke2 c5 32. Bf2 c4 33. Bxa7 Ke6 34. Bc5
c3 35. Ke3 Bc6 36. g3 Kd5 37. Bb4 Bd7 38. h4 Ke5 39. Bxc3+ Kxd6 40. Kxe4 Be8 41.
Bg7 1-0